| 000 | 00353nam a2200157Ia 4500 | ||
|---|---|---|---|
| 100 | _aOmura/George | ||
| 650 | _aAutoCAD | ||
| 942 | _cBK | ||
| 366 | _f20 | ||
| 654 | _aautoCAD 2008 | ||
| 245 | _aMastering AutoCAD 2008 and AutoCAD LT 2008 | ||
| 260 |
_bWiley India _aMumbai _c2007 |
||
| 082 |
_a006.6/OMU _bOMU |
||
| 300 | _a1000 | ||
| 546 | _aENGLISH | ||
| 999 |
_c25664 _d25664 |
||